000 00509nam a2200217Ia 4500
999 _c41225
_d41225
001 7877
003 GE_BSU
005 20220927163714.0
008 181216s2007fr xx |||||||||||||| ||fre||
020 _a9781840226188
040 _cGE_BSU
041 _afre
080 _a821.133.1-31 Z-82
100 _aZola,Emile
_914867
245 _aGerminal /
_cEmile Zola.
264 _aParis,
_c2007.
300 _a478 p.:
_c19 cm.
653 _aGerminal
653 _aჟერმინალი
942 _cBK
_2udc